anime but bad description - Statistics

General Stats
  • This quiz has been taken 850 times
  • The average score is 27 of 60
Answer Stats
Easy Answer % Correct
Bald man uses violence to end things in one punch One Punch Man
98%
Highschooler finds a notebook that kills people Death Note
96%
Stretchy boy becomes a pirate One Piece
95%
Small people fight big people outside of a wall Attack on Titan
91%
Magical breathing becomes elements used to kill demons Demon Slayer
87%
Random kid with demon inside him becomes a ninja Naruto
87%
Highschool student eats a gross finger that puts some asshole inside him Jujutsu Kaisen
86%
A girl who lost her arms and emotions in a war works as a professional letter writer, writing letters to people who can't seem to express themselves. Violet Evergarden
86%
Two brothers who mess up with alchemy and lose their body parts. They try to fix themselves with a magic stone, but they end up fighting a lot of bad guys, including their own father, a homunculus army, and a blond archer. Fullmetal Alchemist
85%
School with superpowers My Hero Academia
84%
Trapped in a VR world, where dying in game is the same as dying in real life Sword Art Online
82%
Spy and assassin create a family with their daughter knowing the truth about them Spy Family
78%
300 high school soccer players are locked up in a jail-like room to become the best soccer striker. Blue Lock
76%
Man makes food so good, it causes people to climax and remove their clothing Food Wars
76%
Nerdy man goes on a date at a coffee shop, but his girl turns out to be a man-eating monster. Tokyo Ghoul
72%
Enslaving little animals and forcing them to fight in order to fulfill some old professors dreams and becomes the champion Pokemon
69%
Gay skating Yuri on Ice
69%
Depressed boy has to pilot a robot which is actually his mom, while his dad and his boss is trying to end the world and become gods. Neon Genesis Evagelion
65%
An english family with weird birthmarks use psycho powers to fight evil forces while traveling around the world and doing poses. Jojo's Bizarre Adventure
61%
Kid bullies a girl for being deaf in 6th grade, and ends up becoming friends in the future A Silent Voice
59%
Dude can't use magic, but has a sword that can disable magic and uses it to challenge his rival and become the Wizard King Black Clover
58%
People set things on fire with their minds, fighting other people who are also on fire Fire Force
58%
2 teens beat up a god in chess, and gets sent to a world and becomes king after winning a bunch of games. No Game No Life
57%
Man with a bowl cut blows things up with his mind Mob Psycho 100
55%
Girl and Boy swap bodies and fall in love with each other. Your Name
55%
Gay swimming Free
53%
Pink hair guy tries to find his adopted dragon brother. Fairy Tail
52%
Humans fight ants on steroids Hunter x Hunter
52%
A guy with a big sword and a big grudge and always angry goes around killing monsters and humans Berserk
51%
A boy who likes to cut things with his dog fights other people who like to cut things. Chainsaw Man
51%
A boy who can see ghosts and becomes a death god. He fights evil spirits with a sword and his friends, who also have special powers. Bleach
50%
Man figures out how to time travel by microwaving a banana. Steins;Gate
49%
Smart kid goes to the lower classes to use people as tools Classroom of The Elite
47%
2 people use schemes to show their affection towards each other. Kaguya sama: Love is War
46%
Unpopular god does errands for dirt cheap. Noragami
43%
Cat gives girls magical powers Sailor Moon
43%
A pandemic causes people to turn into zombies, and high schoolers try to survive the zombie apocalypse. Highschool Of the Dead
41%
A tall guy and short girl team up to stalk their crushes, and fall in love with each other by accident. Toradora!
36%
Highschool student sees a teenage actress dressed up in a Bunny Suit at the library. Rascal Does Not Dream Of Bunny Girl Senpai
33%
Girl falls in a well and goes back in time, meeting a half-demon who likes breaking things, and collects a magic jewel that can grant wishes InuYasha
22%
In the year 2012, a “man-made” virus wipes out most of humanity, leaving only children under the age of thirteen untouched. An orphan and his friend attempts to escape, but his friend sacrifices his life for the orphan. The orphan then dedicates his life to killing vampires. Seraph of the End
22%
Guy dies to travel back in time to save a girl who hates her name ReZero
17%
A boy who hates his dad and tries to kill him by joining his group fails for many years, but when he kills him he doesn't feel happy, and becomes a slave who forgets how to think. Vinland Saga
17%
After getting crushed to death by a vending machine, he wakes up as a vending machine in another world. Reborn As A Vending Machine, I Now Wander the Dungeon
16%
After reading someones diary in the hospital waiting room, the owner of the diary and the MC become friends. I Want To Eat Your Pancreas
13%
Only a few selective people are able to sea and interact with "Mushi" a powerful lifeform MUSHI-SHI
12%
A bunch of girls who are reincarnated as famous racehorses run around in tracksuits and compete in races Uma Musume: Pretty Derby
11%
Dude saves a girl, and goes from fat to fit with his abilities from another world effecting the real world. I Got A Cheat Skill In Another World, and Became Unrivaled In the Real World, too.
6%
"Sphinx" threatens to blow up Tokyo unless they solve a cryptic riddle Terror In Resonance
6%
A guy who sees too much moves to a city where everyone sees too much. He joins a group of weirdos who fight other weirdos with guns, swords, blood, and magic. Blood Blockade Battlefront
5%
A highschool boy is turned into an Akita Inu puppy, and his crush adopts him. My Life as Inukai-san's dog
5%
When everyone in a highschool accidently gets killed, they are born into another world as influential figures, besides one girl. So Im a Spider, So What?
5%
After becoming friends in elementary school, and getting closer together before having to move away, they keep in contact and meet up 17 years later by accident 5 Centimeters Per Second
3%
Guy who hates his life meets a bunch of girls with problems Clannad
3%
After a smart girl getting run over protecting a young girl, she gets reincarnated into another world with "average abilities" Didn't I Say To Make My Abilities Average In the Next Life?
3%
After transferring to a new school and living with his aunt, he finds his cousin, who claims to be an extraterrestrial lifeform Ground Control to Psychoelectric Girl
1%
A virus causes people to realize that phantoms exist, and people are given abilities to fight them Myriad Colors Phantom World
1%
A man-made island is used for a monster and demon sanctuary, and Strike the Blood
1%
"Leprechauns" use ancient weapons to prevent invasions from happening WorldEnd: What Do You Do At The End Of The World? Are You Busy? Will You Save Us?
1%
Man begs to see peoples panties I Want You To Make A Disgusted Face and Show Me Your Underwear
0%
No matching quizzes found
Score Distribution
Percent of People with Each Score
Percentile by Number Answered
Your Score History
You have not taken this quiz